| 000 | 00857ckm a22002175a 4500 | ||
|---|---|---|---|
| 001 | L156586 | ||
| 008 | 071001e19380409xxk eng u | ||
| 035 | _a(Sirsi) u156586 | ||
| 041 | 0 | _aeng | |
| 110 | 1 |
_aNational Association of Auctioneers, House Agents, Rating Surveyors and Valuers _94989 |
|
| 245 | 0 | 1 |
_a[Photograph of a dinner given by the Hampshire, Kent and Sussex branches of the National Association of Auctioneers, House Agents, Rating Surveyors and Valuers for the President, H. Marshall, held at the Ship Hotel, Brighton, on 9 April 1938 _h[graphic] |
| 260 | _c9 April 1938 | ||
| 300 |
_a1 photograph _bb&w _c25 x 20 cm. |
||
| 340 | _aPhotograph | ||
| 351 | _cSingle item | ||
| 500 | _aPhotograph of guests at a dinner. | ||
| 651 | 4 |
_aGreat Britain _y1707- |
|
| 690 |
_aAuctioneering _96218 |
||
| 690 |
_aValuation _96273 |
||
| 942 | _n0 | ||
| 999 |
_c116811 _d116811 |
||